00439nam a2200109 4500245010800000100001900108260003600127300002100163082001500184952011500199999001500314 aHistorical geography of the British India : history to the end of the east India companycP. E. Roberts aRoberts, P. E. aDelhibAnmol Publicationsc1985 aiv, 415p.; 21cm. a915.4bROB 001040708GEYAaNEHUbNEHUd2011-11-24l2o915.4 ROBpB4760r2016-03-07 00:00:00s2016-03-01w2011-11-24yBK c3996d3996